Southville International School and Colleges
Your cart is empty.
  • Cart
  • Lists
    Public lists Eva Luna New books Lux_list list_1
    Your lists Log in to create your own lists
  • Log in to your account
  • Your cookies
  • Search history
Southville International School and Colleges
  • Advanced search
  • Recent comments
  • Most popular
  • Libraries

Log in to your account

Log in with GOOGLE


If you do not have an external account, but do have a local account, you can still log in:

  1. Home
  2. MARC view: The psychology of conflict and conflict management in organizations /
Normal view MARC view ISBD view

The psychology of conflict and conflict management in organizations / (Record no. 26020)

[ view plain ]
MARC details
000 -LEADER
fixed length control field 00847nam a22002417a 4500
005 - DATE AND TIME OF LATEST TRANSACTION
control field 20140313100411.0
008 - FIXED-LENGTH DATA ELEMENTS--GENERAL INFORMATION
fixed length control field 140110b xxu||||| |||| 00| 0 eng d
020 ## - INTERNATIONAL STANDARD BOOK NUMBER
International Standard Book Number 9780415651110
050 ## - LIBRARY OF CONGRESS CALL NUMBER
Classification number HD 42
Item number .P974 2012
245 ## - TITLE STATEMENT
Title The psychology of conflict and conflict management in organizations /
Statement of responsibility, etc Carsten K. W. De Dreu, Michele J. Gelfand.
260 ## - PUBLICATION, DISTRIBUTION, ETC. (IMPRINT)
Place of publication, distribution, etc Hove :
Name of publisher, distributor, etc Psychology Press,
Date of publication, distribution, etc 2012
300 ## - PHYSICAL DESCRIPTION
Extent xxii, 484 p. :
Other physical details ill. ;
Dimensions 24 cm.
440 ## - SERIES STATEMENT/ADDED ENTRY--TITLE
Title Organizational frontiers series.
504 ## - BIBLIOGRAPHY, ETC. NOTE
Bibliography, etc Includes Bibliographic References and Index.
521 ## - TARGET AUDIENCE NOTE
Target audience note
650 ## - SUBJECT ADDED ENTRY--TOPICAL TERM
Topical term or geographic name as entry element Conflict management.
650 ## - SUBJECT ADDED ENTRY--TOPICAL TERM
Topical term or geographic name as entry element Conflict management
General subdivision Psychological aspects.
650 ## - SUBJECT ADDED ENTRY--TOPICAL TERM
Topical term or geographic name as entry element Psychology, Industrial.
700 ## - ADDED ENTRY--PERSONAL NAME
Personal name De Dreu, Carsten K. W.
Relator term editor.
700 ## - ADDED ENTRY--PERSONAL NAME
Personal name Gelfand, Michele J.
Relator term editor.
942 ## - ADDED ENTRY ELEMENTS (KOHA)
Source of classification or shelving scheme Library of Congress Classification
Koha item type Books
Call number prefix Foreign
Holdings
Withdrawn status Lost status Source of classification or shelving scheme Damaged status Home library Current library Shelving location Date acquired Total Checkouts Full call number Barcode Date last seen Copy number Price effective from Koha item type
    Library of Congress Classification   College Library College Library Reserve Section 01/10/2014   HD 42 .P974 2012 C17448 01/10/2014 1 01/10/2014 Books

The psychology of conflict and conflict management in organizations /

APA

De Dreu C. K. W., Gelfand M. J., . (2012). The psychology of conflict and conflict management in organizations. Hove: Psychology Press.

Chicago

De Dreu Carsten K W, Gelfand Michele J, . 2012. The psychology of conflict and conflict management in organizations. Hove: Psychology Press.

Harvard

De Dreu C. K. W., Gelfand M. J., . (2012). The psychology of conflict and conflict management in organizations. Hove: Psychology Press.

MLA

De Dreu Carsten K W, Gelfand Michele J, . The psychology of conflict and conflict management in organizations. Hove: Psychology Press. 2012.

  • Place hold
  • Print
  • Cite
  • Add to your cart (remove)
  • Save record
    BIBTEX Dublin Core MARCXML MARC (non-Unicode/MARC-8) MARC (Unicode/UTF-8) MARC (Unicode/UTF-8, Standard) MODS (XML) RIS
  • More searches
    Search for this title in:
    Other Libraries (WorldCat) Other Databases (Google Scholar) Online Stores (Bookfinder.com) Open Library (openlibrary.org)

Exporting to Dublin Core...

SOUTHVILLE LIBRARY

Southville International School and Colleges Library

1281 Tropical Ave. Cor. Luxembourg St., BF Homes International, Las Pinas City

Tel. No. 8256374 / 252358 Loc. 117/146

Powered by Koha